Państwa Azji - Statystyki

Ogólne statystyki
  • Ten quiz został rozwiązany 28 razy
  • Średni wynik to 7 z 12
Statystyki odpowiedzi
Obrazkowy Odpowiedź % Poprawnych
Chiny
100%
Japonia
96%
Indie
77%
Indonezja
62%
Wietnam
62%
Zjednoczone Emiraty Arabskie
62%
Turcja
58%
Rosja
54%
Izrael
50%
Malediwy
46%
Malezja
38%
Kambodża
35%
Nie znaleziono quizów pasujących do podanych kryteriów
Rozkład punktacji
Procent ludzi z każdym wynikiem
Percentyl według liczby udzielonych odpowiedzi
Twoja historia wyników
Nie rozwiązałeś tego quizu